| 000 | 00756nam a2200265Ia 4500 | ||
|---|---|---|---|
| 003 | OSt | ||
| 005 | 20221006143923.0 | ||
| 006 | a|||||r|||| 00| 0 | ||
| 007 | ta | ||
| 008 | 221006b |||||||| |||| 00| 0 eng d | ||
| 020 |
_c _18.95(each) |
||
| 024 | _a10,406 | ||
| 037 | _cTextual | ||
| 040 |
_aEASL _cEASL _beng |
||
| 041 |
_2eng _aeng |
||
| 082 | _aW.58.N23, L6.1-.2 | ||
| 100 | _aBETTELHEIM Charles | ||
| 245 | 0 | _aClass struggles in the USSR, 2 Vols. | |
| 260 |
_aNew York _bMonthly Review Press _c1976 |
||
| 300 |
_a566p. _ccm. |
||
| 490 | _vV.1: First period: 1917-1923 Oth | ||
| 700 | _a PEARCE Brian Tr. | ||
| 942 |
_hW.58.N23, L6.1-.2 _cTEXL _2CC |
||
| 999 |
_c1078492 _d1078492 |
||